000 00702nam a2200229 a 4500
999 _c11904
_d11904
001 11904
003 BD-JhCC
005 20220825134022.0
008 201126b19932020bg a|||| ||a| 000 0 ben d
020 _a9848485260
035 _a(BD-JhCC)11904
040 _aBD-JhCC
_dBD-JhCC
041 _aben
082 _a891.443
_bIQB 2020
100 _aইকবাল, মুহম্মদ জাফর
245 _aছেলেমানুষী /
_cমুহম্মদ জাফর ইকবাল ।
260 _aঢাকা:
_bজ্ঞানকোষ প্রকাশনী;
_c২০২০.
300 _a70 p. :
_c22 cm.
650 _aBengali Novel
942 _2ddc
_cBK
_01